| 000 | 00637nam a2200229Ia 4500 | ||
|---|---|---|---|
| 003 | OSt | ||
| 005 | 20220925204444.0 | ||
| 006 | a|||||r|||| 00| 0 | ||
| 007 | ta | ||
| 008 | 220923b |||||||| |||| 00| 0 eng d | ||
| 037 | _cGeneral Book | ||
| 040 |
_aRTL _cRTL _beng |
||
| 041 |
_2eng _aeng |
||
| 082 | _aX621.5.P04r, P5/GD | ||
| 110 |
_aEuropean ecntral bank. _9268564 |
||
| 245 | 0 | _aAnnual report 2004. | |
| 260 |
_aGermany _bEuropean central bank. _c2005 |
||
| 300 |
_a226p. _ccm. |
||
| 700 |
_aEuropean ecntral bank. _9268565 |
||
| 942 |
_hX621.5.P04r, P5/GD _cGB _2CC |
||
| 999 |
_c549469 _d549469 |
||